000 00805nam a22002777a 4500
001 BR6005386
003 BR-BrBNA
005 20230928083224.0
007 ta
008 230509b bl.||||| |||| 00| 0 por d
040 _aBR-BrBNA
_bpor
_cBiblioteca Nacional de Agricultura
041 _a(Por)
072 _aL02; Q51
_b0430
090 _ 0430 BR6005386
100 1 _aBerzaghi, M.N.
110 1 _aSecretaria da Agricultura, Industria e Commercio do Estado de Sao Paulo, Sao Paulo (Brasil). Directoria de Publicidade Agricola
245 1 _aTorta e farelo de carocos de algodao
260 3 _aSao Paulo, SP (Brasil):
_c1940.
300 _a27 p.
650 _aALGODAO
650 _aTORTA
650 _aFARELO
650 _aNUTRICAO ANIMAL
909 _a202309
_bLucia
_c55
_dLucia Elande
942 _cBK
999 _c12238
_d12238